MARC

LEADER 00000nam0a2200000 4500
001 252226
005 20231101232729.0
010 |a 5335001658 
020 |a RU  |b 89-30678 
035 |a (RuTPU)RU\TPU\book\274556 
090 |a 252226 
100 |a 20140228d1989 km y0rusy5003 ca 
101 0 |a rus 
102 |a UA 
105 |a a g 001zy 
200 1 |a Справочник по фотографии (фотосъемка)  |f Д. С. Гурлев 
210 |a Киев  |c Тэхника  |d 1989 
215 |a 319 с.  |c ил.  |d 21 см 
320 |a Библиогр.: с. 300-305 (165 назв.). 
320 |a Предм. указ.: с. 306-312. 
606 1 |a Фотография  |2 stltpush  |3 (RuTPU)RU\TPU\subj\64221  |9 81132 
610 1 |a фотосъемка 
610 1 |a естественное освещение 
610 1 |a искусственное освещение 
610 1 |a объекты 
610 1 |a экспонометрические расчеты 
610 1 |a справочники 
675 |a 77(035)  |z rus  |v 3 
700 1 |a Гурлев  |b Д. С.  |g Дмитрий Степанович 
801 0 |a RU  |b RuMRKP  |c 19950417  |g psbo 
801 1 |a RU  |b 63413507  |c 20140228 
801 2 |a RU  |b 63413507  |c 20161130  |g RCR 
942 |c BK